00806nam a2200205 a 450000500170000000800410001702000180005805000220007610000240009824500660012226000370018830000220022544000250024752001330027265000180040565000170042365000210044099900190046195201200048020140412111310.0010424s19uu xx 00 eng d a0-06-443171-1 aTR(PS EbSh7 1986 aWinthrop, Elizabeth aShoes /cby Elizabeth Winthrop; illustrated by William Joyce. aU. S. A :bHarperThrophy,c1986. a1v. (unp.) ; ill. aReading Rainbow Book aA survey of the many kinds of shoes in the world concludes that the best of all are the perfect natural shoes that are your feet aShoes-Fiction aFoot-Fiction aStories in rhyme c103932d103932 001040aELbELcTRd2001-04-24eLib. Fundg156.00l0oTR(PS E Sh7 1986pE6124r2014-04-12 00:00:00w2014-04-12yBK